000 00902nam a22002777i 4500
003 DO-SdBNP
005 20250307073711.0
007 ta
008 210830b 2018 dr 00| 0 eng d
020 _a97899459945092288
040 _aDO-SdBNP
_bspa
_cBNPHU
_erda
082 4 _aRD863.44
_bH519c
_222
100 1 _aHenríquez Ureña, Pedro,
_d1884-1946
_eautor
_91718
245 1 _aCuentos completos /
_cPedro Henríquez Ureña ; edición Miguel D. Mena
264 _aSanto Domingo :
_bCielonaranja ;
_c2018.
300 _a185 páginas ;
_c21 cm.
336 _2rdacontent
_atexto
_btxt
337 _2rdamedia
_asin mediación
_bn
338 _2rdacarrier
_avolumen
_bnc
590 _aInventariado, 2021/BT
650 4 _aCuentos dominicanos
650 4 _aLiteratura dominicana
700 1 _aMena, Miguel D.,
_eedición
_929501
910 _aBtavárez/Validado. Control de calidad MFF
942 _2ddc
_cLBS1
999 _c50311
_d50311